Responses for Show #5204 - Thursday, April 5, 2007

Contestants

[<< previous game]

Kelly Knight, a mystery novelist from Noblesville, Indiana

Ron Grant, a consulting company president from Greenville, South Carolina

Rita Schwab-Parcel, a clinical information support specialist from Sioux Falls, South Dakota (whose 1-day cash winnings total $37,000)

[next game >>]

Jeopardy! Round responses

MIGRATION
CHERCHEZ LA FEMME
(Alex: Tell us what person we name is the female in the group.)
PICTURE THIS
ODE TO THE WEST WING
"PAC" RATS
GOING EMILY POST-AL
    $200 11
whale

Rita
    $200 1
Joey Heatherton

Kelly
    $200 5
(Alex: My predecessor, right!)

Art Fleming

Rita
    $200 26
Oval Office

Kelly
    $200 15
pachyderms

Kelly
    $200 19
(Alex: ... yeah! Makes sense!)

bikini

Rita
    $400 12
(Ron: What is a robin?)

swallow

RonKelly
    $400 2
Parker Posey

Kelly
    $400 6
B-52

Ron
    $400 27
Vice President's Office

Ron
    $400 16
packed

Rita
    $400 20
corn-on-the-cob

Rita
    $1,500 13
salmon

Kelly
    $600 3
Michael Learned

Rita
    $600 7
Foghorn Leghorn

Rita
    $600 28
Roosevelt Room

Triple Stumper
    $600 17
pacifism

Rita
    $600 21
"How old are you?"

Kelly
    $800 14
(Ron: What are butterflies?)
(Alex: Be more specific.)

monarch butterflies

Ron
    $800 4
Joyce DeWitt

Ron
    $800 8
(Rita: Who is the Duke of Wellington?)

Admiral (Horatio) Nelson

RitaKelly
    $800 29
James Brady

Kelly
    $800 24
(Alex: Fun game. [*]. [*].)

pachinko

Triple Stumper
    $800 22
white

Ron
    $1000 18
the Serengeti

Triple Stumper
    $1000 10
Morgan Brittany

Kelly
    $1000 9
(Ron: What is Prague?)

Budapest

RonKelly
    $1000 30
The Cabinet Room

Triple Stumper
    $1000 25
pacemaker

Rita
    $1000 23
curfew

Rita

Scores at the first commercial break (after clue 15):

Rita Ron Kelly
$800 $600 $5,500

Scores at the end of the Jeopardy! Round:

Rita Ron Kelly
$4,400 $1,800 $7,100

Double Jeopardy! Round responses

SPANISH HISTORY
GEOGRAPHIC FILM & TV
THE 800 NUMBER IS...
SCIENCE FICTION
WORLD CAPITALS
SAME FIRST & LAST LETTER
    $400 13
Francisco Franco

Ron
    $400 9
Washington

Ron
    $400 21
6

Rita
    $400 6
Isaac Asimov

Ron
    $400 1
(Kelly: What is... Haiti?)

Dominican Republic

RonKelly
    $400 16
yesterday

Rita
    $800 25
Bourbons

Kelly
    $800 10
Manhattan

Kelly
    $800 22
KING

Kelly
    $800 7
Frank Herbert

Kelly
    $800 2
Bulgaria

Kelly
    $800 17
lapel

Rita
    $1200 26
(Kelly: Who is Magellan?)

Sir Francis Drake

RonKelly
    $1200 12
Dallas

Rita
    $1200 24
FedEx

Rita
    $1200 8
Voltaire

Ron
    $1200 3
Bhutan

Ron
    $1200 18
knickknack

Triple Stumper
    $1600 27
Gibraltar

Ron
    $1600 14
(Kelly: What is Planes, Trains and Automobiles?)

L.A. Story

Kelly
Triple Stumper
    $1600 11
Tarzan

Ron
    $1600 4
(Ron: What is...Armenia?)
...
(Alex: Yes! Ron thought of it, but much too late, unfortunately.)

Azerbaijan

RonKelly
    $1600 19
dread

Triple Stumper
    $2,000 28
[The end-of-round signal sounds.]

the Spanish Inquisition

Ron
    $2000 15
Fear & Loathing In Las Vegas

Triple Stumper
    $2000 23
Darkness

Triple Stumper
    $2000 5
East Timor

Triple Stumper
    $3,000 20
(Alex: Sounds like a character in Star Wars. You are [*], and I am not. Pick again.)

Urdu

Rita

Scores at the end of the Double Jeopardy! Round:

Rita Ron Kelly
$11,400 $10,600 $9,500

[wagering suggestions for these scores]

Final Jeopardy! Round responses

PRESIDENTIAL ELECTIONS
(Alex: Is 30 seconds enough time to work your way backwards?)
...
(Alex: Eisenhower and Nixon against Adlai Stevenson and Estes Kefauver.)
...
(Alex: [To Rita] You were writing until the very last moment, you crossed out... looks like you crossed out 1968, then made it 1964, and you wrote something else... and we can't make out what it is, so we're going to have to rule against you.)
KellyWhat is 1968?
$9,500
RonWhat is 1952
$8,401
RitaWhat is 1968 1964 19[illegible]
$10,000
1952

Final scores:

Rita Ron Kelly
$1,400 $19,001 $0
2nd place: $2,000 New champion: $19,001 3rd place: $1,000

Game dynamics:

Coryat scores:

Rita Ron Kelly
$10,400 $10,600 $8,600
16 R
(including 1 DD),
1 W
15 R
(including 1 DD),
3 W
17 R
(including 1 DD),
3 W

Combined Coryat: $29,600

[game clues] [game scores] [suggest correction]

Game tape date: 2007-01-24
The J! Archive is created by fans, for fans. Scraping, republication, monetization, and malicious use prohibited; this site may use cookies and collect identifying information. See terms. The Jeopardy! game show and all elements thereof, including but not limited to copyright and trademark thereto, are the property of Jeopardy Productions, Inc. and are protected under law. This website is not affiliated with, sponsored by, or operated by Jeopardy Productions, Inc. Join the discussion at JBoard.tv.